Russian Leaders - Statistics

General Stats
  • This quiz has been taken 142 times
  • The average score is 8 of 12
Answer Stats
Picture Answer % Correct
Vladimir Putin
98%
Joseph Stalin
91%
Vladimir Lenin
91%
Mikhail Gorbachev
87%
Boris Yeltsin
79%
Leonid Brezhnev
75%
Nikita Khrushchev
70%
Yuri Andropov
56%
Konstantin Chernenko
51%
Dmitry Medvedev
34%
Georgy Malenkov
28%
Alexander Kerensky
26%
No matching quizzes found
Score Distribution
Percent of People with Each Score
Percentile by Number Answered
Your Score History
You have not taken this quiz